000 00878nam a2200253Ia 4500
003 OSt
005 20221005112931.0
006 a|||||r|||| 00| 0
007 ta
008 221004b |||||||| |||| 00| 0 pan d
020 _a9788175993334 (hbk)
_cINR 325.00
024 _a35456
037 _b1001, 13/11/2017, H.K. Prakashan
_cTextual
040 _aCRL
_cCRL
_bpan
041 _2pan
_apan
082 _aO142,3N12,HD, 153Q7
100 _aਸਤੇਲਮਾ॥, ਮਿ॥ਾਈਲ, ਂਚ.
245 0 _aਹੰਸਾਂ ਦੀ ਫੇਰੀ
260 _aਦਿੱਲੀ
_bਨਵਯੁਗ ਭਾਰਤ
_c2017
300 _a200ਪੰ
_ccm.
650 _aਰFਿਅਨ ਕਹਾਣੀ
942 _hO142,3N12,HD, 153Q7
_cTEXL
_2cc
999 _c1026476
_d1026476